2084 : la fin du monde / (Record no. 5533)

MARC details
000 -LEADER
fixed length control field 01308nam a22002297a 4500
001 - CONTROL NUMBER
control field 5533
003 - CONTROL NUMBER IDENTIFIER
control field FISKH
005 - DATE AND TIME OF LATEST TRANSACTION
control field 20241217090230.0
008 - FIXED-LENGTH DATA ELEMENTS--GENERAL INFORMATION
fixed length control field 241217b cb ||||| |||| 00| 0 eng d
020 ## - INTERNATIONAL STANDARD BOOK NUMBER
International Standard Book Number 9782070149933
040 ## - CATALOGING SOURCE
Original cataloging agency FISKH
Language of cataloging Fre
Transcribing agency FISKH
Modifying agency FISKH
050 ## - LIBRARY OF CONGRESS CALL NUMBER
Classification number PQ3989.S2455
082 ## - DEWEY DECIMAL CLASSIFICATION NUMBER
Classification number 843.92
100 ## - MAIN ENTRY--PERSONAL NAME
Personal name Sansal, Boualem
245 ## - TITLE STATEMENT
Title 2084 : la fin du monde /
Statement of responsibility, etc. Boualem Sansal
260 ## - PUBLICATION, DISTRIBUTION, ETC.
Place of publication, distribution, etc. Paris :
Name of publisher, distributor, etc. Gallimard,
Date of publication, distribution, etc. 2015.
300 ## - PHYSICAL DESCRIPTION
Extent 273 pages :
Dimensions 21 cm
520 ## - SUMMARY, ETC.
Summary, etc. L'Abistan, immense empire, tire son nom du prophète Abi, "délégué" de Yölah sur terre. Son système est fondé sur l'amnésie et la soumission au dieu unique. Toute pensée personnelle est bannie, un système de surveillance omniprésent permet de connaître les idées et les actes déviants. Le peuple unanime vit dans le bonheur de la foi sans questions. Mais un homme, Ati, met en doute les certitudes imposées. Il se lance dans une enquête sur un peuple de renégats qui vit dans des ghettos, sans le recours de la religion. Au fil d'un récit plein d'inventions cocasses ou inquiétantes, Boualem Sansal s'inscrit dans la filiation d'Orwell pour brocarder les dérives et l'hypocrisie du radicalisme religieux.
650 ## - SUBJECT ADDED ENTRY--TOPICAL TERM
Topical term or geographic name entry element Algerian literature
Form subdivision Totalitarianism
942 ## - ADDED ENTRY ELEMENTS (KOHA)
Source of classification or shelving scheme Dewey Decimal Classification
Koha item type Books
Suppress in OPAC No
Holdings
Withdrawn status Lost status Source of classification or shelving scheme Damaged status Not for loan Collection Home library Current library Shelving location Date acquired Total Checkouts Full call number Barcode Date last seen Price effective from Koha item type
    Dewey Decimal Classification     Fiction Footprints International School Library Network Toul Kork Campus Footprints International School Library Network Toul Kork Campus TTP Secondary Fiction Bookshelves 12/17/2024   SAN 843.92 PQ3989.S2455 2024-2457 12/17/2024 12/17/2024 Books